00466nam a22001577a 450000500170000001000150001702000260003203500140005803700130007208200060008510000180009124500650010926000430017427000660021730000250028320191121151833.0 aENG-126968 a9788194318019c199.00 aEN-110500 bDBAD/PUB aS aBetab, Phalak aStranger stories :cby Phalak Betabbhope it helps someone / a DelhibOrangebooks Publicationsc2019 aVishvidyalaya Marg, Civil Lines, Delhi NCRbNew Delhie110054 aviii;51p.c21cm(pbk)